01620 2200757 4500001002100000005001500021035002000036008004100056245003800097100001900135260003100154300002900185020002200214084001600236082001000252990001200262990001200274990001200286990001200298990001200310990001200322990001200334990001200346990001200358990001200370990001200382990001200394990001200406990001200418990001200430990001200442990001200454990001200466990001200478990001200490990001200502990001200514990001200526990001200538990001200550990001200562990001200574990001200586990001200598990001200610990001200622990001200634990001200646990001200658990001200670990001200682990001200694990001200706990001200718990001200730990001200742990001200754990001200766990001200778990001200790990001200802990001200814990001200826990001200838990001200850INLIS00000000000147420241015070900 a0010-1024000027241015 0 1 aSejarah Kelas XI /cRatna Hapsari aHapsari, Ratna aJakarta :bErlangga,c2023 a307 hlm. ;c17,5 x 25 cm a978-623-266-895-9 a959.8 RAT s a959.8 a0753443 a0753444 a0753445 a0753446 a0753447 a0753448 a0753449 a0753450 a0753451 a0753452 a0753453 a0753454 a0753455 a0753456 a0753457 a0753458 a0753459 a0753460 a0753461 a0753462 a0753463 a0753464 a0753465 a0753466 a0753467 a0753468 a0753469 a0753470 a0753471 a0753472 a0753473 a0753474 a0753475 a0753476 a0753477 a0753478 a0753479 a0753480 a0753481 a0753482 a0753483 a0753484 a0753485 a0753486 a0753487 a0753488 a0753489 a0753490 a0753491 a0753492